مكتبة جامعة عجلون الوطنية

فهرس بحث المكتبة

Normal view MARC view
  • التنس - الاخطاء الشائعة

Entry Topical Term

Number of records used in: 1

001 - CONTROL NUMBER

  • control field: 36318

003 - CONTROL NUMBER IDENTIFIER

  • control field: JO-AjAnu

005 - DATE AND TIME OF LATEST TRANSACTION

  • control field: 20230606080051.0

008 - FIXED-LENGTH DATA ELEMENTS

  • fixed length control field: 230606|| aca||aabn | a|a d

040 ## - CATALOGING SOURCE

  • Original cataloging agency: JO-AjAnu
  • Transcribing agency: JO-AjAnu

150 ## - HEADING--TOPICAL TERM

  • Topical term or geographic name entry element: التنس - الاخطاء الشائعة

670 ## - SOURCE DATA FOUND

  • Source citation: Work cat.: (JO-AjAnu)18645: إعداد الجمال، عبد النبي؛ تقديم كمال درويش, author 36317, الموسوعة العربية للتنس: الأخطاء الشائعة وكيفية تصحيحها، الجزء الثالث